Obálka
Pro půjčování e-knih musíte být přihlášeni.
Jak si půjčit online?

Reportáž z Pražské revoluce 1945 /

Původní album DM 15237 "Reportáž z Pražské revoluce 1945" vydal Supraphon poprvé v roce 1965. Nyní tento zvukový obraz ze zachovaných úryvků a zlomků dokumentů o Povstání pražského lidu v květnu 1945 vychází poprvé digitálně.

Uloženo v:
Hlavní autor: neuveden, (Autor)
Další autoři: interpreti, Různí (Autor)
Médium: E-audiokniha
Vydáno: Praha : Supraphon a.s., 2026
Tagy:
Žádné tagy
LEADER 01258nim a22002417i 4500
001 302371
007 sr nunnnnnnned
024 |a 099925449407 
044 |a xr 
100 1 |a  neuveden,   |4 aut 
245 1 0 |a Reportáž z Pražské revoluce 1945 /  |c  neuveden,  
264 1 |a Praha :  |b Supraphon a.s.,  |c 2026 
300 |a 1 online zdroj (30 min., 48 sek.) 
336 |a mluvené slovo  |b spw  |2 rdacontent 
337 |a audio  |b s  |2 rdamedia 
338 |a online zdroj  |b cr  |2 rdacarrier 
505 0 0 |t Povstání pražského lidu v květnu 1945. Zvukový obraz ze zachovaných úryvků a zlomků dokumentů (30 min., 48 sek.) 
520 2 |a Původní album DM 15237 "Reportáž z Pražské revoluce 1945" vydal Supraphon poprvé v roce 1965. Nyní tento zvukový obraz ze zachovaných úryvků a zlomků dokumentů o Povstání pražského lidu v květnu 1945 vychází poprvé digitálně. 
700 1 |a  interpreti, Různí  |4 nrt 
910 |a RBIT002 
998 |d 426750  |a https://core.palmknihy.cz/api/books/426750/cover?telfsu  |b https://core.palmknihy.cz/api/books/426750/cover/400?telfsu  |c https://core.palmknihy.cz/api/books/426750/cover/50?telfsu  |e 2026-05-15  |i 099925449407  |l 1848  |q 49  |r 1  |s https://www.palmknihy.cz/kniha/426750  |t audiobook  |y 2026  |z 1 
999 |d 302369